000
00342nam a22001577a 4500
003
MACL
005
20151223162758.0
008
151223b xxu||||| |||| 00| 0 eng d
040
_c
MACL
041
_a
English
082
_a
001/PAN
100
_a
Pandey,Ravi.N.
_9
18288
245
_a
Science Quiz
650
_a
Quiz
_9
22450
942
_2
ddc
_c
BK
999
_c
51759
_d
51759